Superbowl Winners - Sudden Death - Statistics

General Stats
  • This quiz has been taken 260 times
  • The average score is 7 of 8
Answers on the Grid
Answers color-coded by a green-red scale on the quiz's grid according to % correct below.
Bills
Patriots
Chargers
49ers
Cardinals
Titans
Steelers
Cowboys
Falcons
Packers
Panthers
Giants
Bengals
Vikings
Broncos
Chiefs
 
Answer Stats
Answer % Correct
Patriots
97%
49ers
83%
Chiefs
83%
Cowboys
82%
Packers
82%
Steelers
82%
Giants
79%
Broncos
76%
No matching quizzes found
Score Distribution
Percent of People with Each Score
Percentile by Number Answered
Your Score History
You have not taken this quiz